Persian Empires And Dynasties - Statistics

General Stats
  • This quiz has been taken 108 times
  • The average score is 3 of 8
Answer Stats
Number Answer % Correct
1 Achaemenids
77%
3 Safavids
53%
6 Qajars
39%
2 Sasanians
31%
8 Islamic Republic of Iran
26%
5 Zands
21%
7 Pahlavi Dynasty
11%
4 Afshars
10%
No matching quizzes found
Score Distribution
Percent of People with Each Score
Percentile by Number Answered
Your Score History
You have not taken this quiz